000 00674nam a2200217Ii 4500
001 20219
003 CO-ViMGA
008 241108s9999||||xx |||||||||||||| ||und||
020 _a9789587723557
040 _aCO-ViMGA
_bspa
_erda
_cCO-ViMGA
041 0 _aspa
084 _aP JUA2p
100 1 _aSor Juana de Inés de la Cruz
_952236
245 1 0 _aPoner bellezas en mi entendimiento :
_bantología poética
264 1 _aBogotá, Colombia : Universidad Externado de Colombia, 2015
300 _avolumen
336 _atext
_btxt
_2rdacontent
337 _aunmediated
_bn
_2rdamedia
338 _avolume
_bnc
_2rdacarrier
940 _aidficha_siabuc: 19874. -- ficha_no_siabuc:20219
999 _c47018
_d47018